| 000 | 00763nam a2200229 a 4500 | ||
|---|---|---|---|
| 008 | 951213s1978||||[C 0 slo c | ||
| 020 |
_c85 Kčs. _q(15000 výtl.) |
||
| 040 |
_aSNK _bslo _cSNK _eAACR2 |
||
| 041 | 1 |
_aslo _hslo |
|
| 080 | _a51(031)(084.12) | ||
| 080 | _a030.1 | ||
| 080 | _a51(084.12) | ||
| 100 | 1 |
_aŠalát, Tibor _4aut |
|
| 245 | 1 | 0 |
_aMalá encyklopédia matematiky _cTibor Šalát ; Tibor Hrabovský |
| 250 | _a2., preprac. a rozš. vyd. | ||
| 260 |
_aBratislava _bObzor _c1978 _eBratislava _fPravda |
||
| 300 |
_a855 s., 76,85 AH _bFot. Grafy. Sch. _c24 cm |
||
| 500 | _aLit. 137. Reg. 137 zázn. lit. o knihách a čl. v jaz. slov., čes., rus., nem., angl. a poľ. | ||
| 700 | 1 |
_aHrabovský, Tibor _4bkd |
|
| 044 |
_axo _cSK |
||
| 958 | _aA | ||
| 999 |
_c19124 _d19124 |
||